| 000 | 00438nam a22001457a 4500 | ||
|---|---|---|---|
| 082 | _aP-458 | ||
| 100 |
_aIzhau Ul Hassan _948331 |
||
| 245 |
_aDesign of excavation support system for a high rise building in a metropolitan city _cIzhau Ul Hassan, Yaser Yaqoob |
||
| 260 |
_aRisalpur _bMCE _c2011 |
||
| 300 | _a64 p. : | ||
| 526 |
_a0 _b0 _c0 _dP_458 |
||
| 650 | _aProject | ||
| 700 |
_aDr Manzoor Hussain Lt Col _948332 |
||
| 942 |
_2ddc _cBK |
||
| 999 |
_c551310 _d551310 |
||